|
|
|
|
| LEADER |
00764nam a22002171a 4500 |
| 001 |
c000346987 |
| 003 |
CARM |
| 005 |
00000000000000.0 |
| 008 |
851003s1971 xna 00000 eng d |
| 019 |
1 |
|
|a 3970784
|
| 040 |
|
|
|d AAGD
|
| 245 |
0 |
0 |
|a Public company securities /
|c Committee for Post-Graduate Studies in the Department of Law.
|
| 260 |
|
|
|a [Sydney :
|b Govt. Printer,
|c 1971]
|
| 300 |
|
|
|a 2 v. ;
|c 33 cm.
|
| 500 |
|
|
|a At head of title: University of Sydney.
|
| 500 |
|
|
|a "September 1970".
|
| 650 |
|
0 |
|a Corporation law
|z Australia.
|
| 650 |
|
0 |
|a Securities
|z Australia.
|
| 710 |
2 |
|
|a University of Sydney.
|b Committee for Post-Graduate Studies in the Dept. of Law.
|
| 082 |
0 |
4 |
|a 332.642
|
| 999 |
f |
f |
|i 0cec0482-e964-5db8-9232-a89e771ba238
|s 30361d6d-ecce-5c9b-aefc-c9e05662428f
|